| 000 | 01818nam a2200349 c 4500 | ||
|---|---|---|---|
| 003 | BLK | ||
| 005 | 20180422103149.0 | ||
| 008 | 180408b bul|||||r ||||||| ||bul|| | ||
| 010 | _aKNG00075074000 | ||
| 020 |
_a954-8797-08-9 _bиздат.: Артиздат 5 |
||
| 040 | _aBLK | ||
| 041 |
_aBUL _cBUL |
||
| 080 |
_aАнархисти _b329.285 _x(497.2)(091)(093.3) _z329.285(497.2)(091)(093.3) |
||
| 080 |
_aПолитическо преследване. Терористични действия. Тероризъм - Атентати, политически убийства. Вж и 343.1 ; 343.3/.7 _b323.28 _x(497.2)(091)(093.3) _z323.28(497.2)(091)(093.3) |
||
| 100 | 1 |
_aКолев, Христо _eпърви автор _gЙорданов, Христо Колев _9371230 |
|
| 700 | 1 |
_aЙорданов, Христо Колев _e* _9295076 |
|
| 139 |
_aКолев, Христо _bК 78 |
||
| 245 | 1 | 0 |
_aСпомени за израстването _cХристо Колев; * Христо Колев Йорданов. |
| 257 | _aBGR | ||
| 260 |
_аСофия _bАртиздат 5 _c2006 |
||
| 300 |
_a324 с. _bс ил., портр., факс. _c24 см |
||
| 380 | _a3 | ||
| 500 | _aСъдържа и Анархистите - гордите вестители на очакваното сбъдване / Тр. Велчев. - Пълното име на авт. е Христо Колев Йорданов. - На загл. с. името на авт. Христо Колев - Големия. | ||
| 650 | 4 |
_aАнархизъм - България _9249809 |
|
| 653 | _aанархизъм | ||
| 653 | _aспомени | ||
| 852 | _aЦб 233912 | ||
| 856 | 4 |
_qpdf _u |
|
| 856 | 4 |
_qpdf _u |
|
| 942 |
_cKNG _n0 |
||
| 944 |
_aCR _c17.05.2007 _lф / _kГеновева_Генчева |
||
| 944 |
_aED _c11.07.2017 _lф / _kЛюдмила_Стоянова |
||
| 999 |
_c70713 _d70713 |
||